Представление документа в формате MARC21

ПолеНазваниеЗначение
  Тип записи a
  Библиографический уровень m
001 Контрольный номер BIBLIOCLUB\0000700963
005 Дата корректировки 20260430154854.0
006 m o d
007 Элементы данных для физической характеристики c|||||||||||||
008 Кодируемые данные s2023 rus o rus d
020 Индекс ISBN __
a ISBN 978-5-00172-370-7
041 Код языка издания 0_
a Код языка текста rus
084 Индекс другой классификации/Индекс ББК __
a Индекс другой классификации/Индекс ББК 22.1я73
b Номер единицы LBC/PL
2 Источник индекса rubbk
084 Индекс другой классификации/Индекс ББК __
a Индекс другой классификации/Индекс ББК 32.972.131.4я73
b Номер единицы LBC/PL
2 Источник индекса rubbk
100 Автор 1_
a Автор Магомедов Р. М.
245 Заглавие 10
a Заглавие Цифровая математика в Excel
b Продолж. заглавия учебник
c Ответственность Р. М. Магомедов, Т. Л. Фомичева
c Ответственность Финансовый университет при Правительстве Российской Федерации
260 Выходные данные __
a Место издания Москва
b Издательство Прометей
c Дата издания 2023
300 Физическое описание __
a Объем 146 с.
b Иллюстрации/ тип воспроизводства ил., табл., схем., граф.
504 Библиография __
a Библиография Библиогр. в кн
653 Ключевые слова 1_
a Ключевые слова Учебник для высшей школы
700 Другие авторы _1
a Другие авторы Фомичева Т. Л.
856 Электронный адрес документа 40
3 Область применения данных поля Университетская библиотека ONLINE
u URL https://biblioclub.ru/index.php?page=book&id=700963
900 Электронные ресурсы __
a Имя электронного ресурса https://img.biblioclub.ru/sm_cover/a721a7e48a21ab2236eefeb0a2b97546c7kt4h7qtr/cover.jpg